देश-विदेश की विचित्र प्रथाएँ / (Record no. 56261)

MARC details
000 -LEADER
fixed length control field 01234nam a22002537a 4500
005 - DATE AND TIME OF LATEST TRANSACTION
control field 20110905104513.0
010 ## - LCCN (DPL NO)
LC control number G-001189
020 ## - INTERNATIONAL STANDARD BOOK NUMBER
International Standard Book Number 8189379046
Terms of availability 125.00
035 ## - SYSTEM CONTROL NUMBER
System control number G-001189
037 ## - SOURCE OF ACQUISITION
Source of stock number/acquisition उपहार
082 ## - DEWEY DECIMAL CLASSIFICATION NUMBER
Classification number 390
100 ## - MAIN ENTRY--PERSONAL NAME
Personal name रमेशचन्द्र प्रेम
245 ## - TITLE STATEMENT
Title देश-विदेश की विचित्र प्रथाएँ /
Statement of responsibility, etc रमेशचन्द्र प्रेम
246 ## - VARYING FORM OF TITLE
Title proper/short title Desh-Videsh Ki Vichitra Prathayen
Remainder of title by Ramesh Chandra Prem
260 ## - PUBLICATION, DISTRIBUTION, ETC. (IMPRINT)
Place of publication, distribution, etc दिल्ली
Name of publisher, distributor, etc लर्निंग ट्री पब्लिशर्स एण्ड डिस्ट्रीब्यूटर्स
Date of publication, distribution, etc 2005
270 ## - ADDRESS
Address 1362, ग्राउण्ड फ्लोर , कश्मीरी गेट
City दिल्ली
Postal code 110006
300 ## - PHYSICAL DESCRIPTION
Extent 104 पृ
Other physical details सचित्र
Dimensions 24सेमी (सजिल्द)
650 ## - SUBJECT ADDED ENTRY--TOPICAL TERM
Topical term or geographic name as entry element
650 ## - SUBJECT ADDED ENTRY--TOPICAL TERM
Topical term or geographic name as entry element
650 ## - SUBJECT ADDED ENTRY--TOPICAL TERM
Topical term or geographic name as entry element
942 ## - ADDED ENTRY ELEMENTS (KOHA)
Institution code [OBSOLETE] dpl
Item type Children Books
Source of classification or shelving scheme Dewey Decimal Classification
Call number suffix रमेश
Classification part 390
Holdings
Withdrawn status Lost status Not for loan Collection code Home library Current library Date acquired Source of acquisition Cost, normal purchase price Full call number Barcode Copy number Cost, replacement price Koha item type
      Non-fiction Katevara Katevara 05/09/2011 उपहार 125.00 390 रमेश G-001189 1 125.00 Children Books

© Delhi Public Library
Hit Counter
free hit counter